[Event "Niedersachsen-ch"]
[Site "Verden"]
[Date "2013.01.03"]
[Round "2"]
[White "Sturm, Timo"]
[Black "Wiebe, Patrick Martin"]
[Result "0-1"]
[WhiteElo "2050"]
[BlackElo "2189"]
[PlyCount "100"]
[EventDate "2013.01.03"]
[EventType "swiss"]
[EventRounds "7"]
[EventCountry "GER"]
[SourceTitle "EXT 2014"]
[Source "ChessBase"]
[SourceDate "2013.11.20"]
[SourceVersion "1"]
[SourceVersionDate "2013.11.20"]
[SourceQuality "1"]

1. d4 d5 2. Nf3 c6 3. c4 Nf6 4. Nc3 e6 5. e3 Nbd7 6. Bd3 dxc4 7. Bxc4 b5 8. Bd3 Bb7 9. 0-0 a6 10. e4 b4 11. e5 bxc3 12. exf6 cxb2 13. fxg7 Bxg7 14. Bxb2 c5 15. Re1 Bd5 16. Be4 0-0 17. Ne5 Rb8 18. Ba3 Nxe5 19. dxe5 Qa5 20. Bc1 Bxe4 21. Rxe4 Rfd8 22. Qc2 Rd4 23. Re2 Rbd8 24. Be3 R4d5 25. Bg5 Rb8 26. f4 Qb4 27. Rf1 Qd4+ 28. Kh1 Qd3 29. h3 Rb4 30. Rc1 h6 31. Be7 Qxc2 32. Rcxc2 Rxf4 33. Rxc5 Rxc5 34. Bxc5 Kh7 35. Bd6 h5 36. Re3 Ra4 37. a3 Rd4 38. Re1 Kg6 39. Re3 h4 40. g3 Bh6 41. Rc3 hxg3 42. Rxg3+ Kf5 43. Rc3 Bf4 44. Rc6 a5 45. Ra6 Ke4 46. Bc5 Rd1+ 47. Kg2 Rd2+ 48. Kf1 Kf3 49. Ke1 Rd5 50. Bd6 Bg3+ 0-1

[Event "Oberliga Nord W 1112"]
[Site "Germany"]
[Date "2012.01.15"]
[Round "5.3"]
[White "David, Adrian"]
[Black "Wiebe, Patrick Martin"]
[Result "1/2-1/2"]
[WhiteElo "2285"]
[BlackElo "2198"]
[PlyCount "53"]
[EventDate "2011.10.02"]
[EventType "team-tourn"]
[EventRounds "9"]
[EventCountry "GER"]
[SourceTitle "EXT 2013"]
[Source "ChessBase"]
[SourceDate "2012.11.22"]
[SourceVersion "1"]
[SourceVersionDate "2012.11.22"]
[SourceQuality "1"]
[WhiteTeam "Hameln"]
[BlackTeam "Braunschweig Gliesmarode"]
[WhiteTeamCountry "GER"]
[BlackTeamCountry "GER"]

1. Nf3 d5 2. c4 c6 3. g3 Nf6 4. Bg2 dxc4 5. 0-0 Nbd7 6. Qc2 Nb6 7. a4 a5 8. Na3 Qd5 9. Ne1 Qe6 10. d3 cxd3 11. Nxd3 Nfd5 12. b3 Qg6 13. e4 Nb4 14. Nxb4 axb4 15. Qc5 bxa3 16. Qxb6 e5 17. h4 h6 18. Bxa3 Bxa3 19. Rxa3 Qd6 20. Raa1 0-0 21. Rfd1 Qe7 22. Rac1 Be6 23. Rd3 Ra6 24. Qc5 Qxc5 25. Rxc5 Rb6 26. Rxe5 Bxb3 27. a5 1/2-1/2

[Event "Oberliga Nord W 1112"]
[Site "Germany"]
[Date "2011.12.11"]
[Round "4.3"]
[White "Wiebe, Patrick Martin"]
[Black "Wiegmann, Sascha"]
[Result "0-1"]
[WhiteElo "2198"]
[BlackElo "2277"]
[PlyCount "96"]
[EventDate "2011.10.02"]
[EventType "team-tourn"]
[EventRounds "9"]
[EventCountry "GER"]
[SourceTitle "EXT 2013"]
[Source "ChessBase"]
[SourceDate "2012.11.22"]
[SourceVersion "1"]
[SourceVersionDate "2012.11.22"]
[SourceQuality "1"]
[WhiteTeam "Braunschweig Gliesmarode"]
[BlackTeam "Uelzen Post"]
[WhiteTeamCountry "GER"]
[BlackTeamCountry "GER"]

1. c4 e5 2. g3 f5 3. Bg2 Nc6 4. Nc3 Nf6 5. a3 Be7 6. d3 0-0 7. e4 fxe4 8. Nxe4 Nd4 9. Nxf6+ Bxf6 10. Nf3 Ne6 11. 0-0 c6 12. Re1 d6 13. Rb1 a5 14. b4 Re8 15. Bb2 Nc7 16. b5 cxb5 17. cxb5 a4 18. Re4 Bd7 19. Rxa4 Rxa4 20. Qxa4 Bxb5 21. Qb3+ Kh8 22. Nd2 d5 23. Rc1 Bc6 24. Qb6 Bg5 25. Rc2 e4 26. dxe4 dxe4 27. Nf1 Ne6 28. Qxd8 Rxd8 29. h4 Bf6 30. Bxf6 gxf6 31. Rd2 Nd4 32. Kh1 Rd7 33. Ne3 f5 34. h5 Kg8 35. Rb2 Kf7 36. Nc4 Rd5 37. a4 Kf6 38. a5 Rc5 39. Nd6 Rxa5 40. Nxb7 Rd5 41. Kg1 Kg5 42. h6 Kxh6 43. g4 Kg5 44. gxf5 Kxf5 45. Rb4 Kf4 46. Nc5 Ne2+ 47. Kf1 Nc3 48. Ne6+ Ke5 0-1

[Event "Oberliga Nord W 1011"]
[Site "Germany"]
[Date "2010.10.10"]
[Round "1.2"]
[White "Issing, Peter"]
[Black "Wiebe, Patrick Martin"]
[Result "0-1"]
[WhiteElo "2273"]
[BlackElo "2248"]
[PlyCount "106"]
[EventDate "2010.10.10"]
[EventType "team-tourn"]
[EventRounds "9"]
[EventCountry "GER"]
[SourceTitle "EXT 2012"]
[Source "ChessBase"]
[SourceDate "2011.11.24"]
[SourceVersion "1"]
[SourceVersionDate "2011.11.24"]
[SourceQuality "1"]
[WhiteTeam "Bremer SG"]
[BlackTeam "Braunschweig Gliesmarode"]
[WhiteTeamCountry "GER"]
[BlackTeamCountry "GER"]

1. d4 d5 2. c4 c6 3. Nf3 Nf6 4. g3 Bg4 5. Nbd2 Nbd7 6. Bg2 e6 7. 0-0 Be7 8. b3 0-0 9. Bb2 a5 10. a3 Re8 11. Re1 h6 12. e4 dxe4 13. Nxe4 Nxe4 14. Rxe4 Bf5 15. Re1 Bf6 16. Qe2 Qb6 17. Qe3 Rad8 18. c5 Qc7 19. b4 Nf8 20. Rad1 Ng6 21. Nd2 e5 22. Nc4 exd4 23. Qxe8+ Rxe8 24. Rxe8+ Kh7 25. Bxd4 Qd7 26. Nd6 Be7 27. Ra8 Bxd6 28. Be3 Bg4 29. Rxd6 Qf5 30. h4 Ne5 31. f4 Qb1+ 32. Kf2 Nd3+ 33. Rxd3 Qxd3 34. Re8 Qe2+ 35. Kg1 Be6 36. Bf2 axb4 37. axb4 Qd1+ 38. Kh2 Qd2 39. Kg1 Qxb4 40. Rd8 Qb1+ 41. Kh2 Qc2 42. Kg1 Qb1+ 43. Kh2 Qf5 44. Kg1 Bd5 45. Bxd5 cxd5 46. Rd6 f6 47. Rb6 Qe4 48. Rxb7 Qa4 49. Rb1 d4 50. c6 Qxc6 51. Bxd4 Qe4 52. Rd1 Qf3 53. Rd2 Qxg3+ 0-1